| 000 | 00385cam a2200157ua 4500 | ||
|---|---|---|---|
| 041 |
_aeng _h |
||
| 082 |
_a633.1 _bWIL/GR |
||
| 100 | _aWilson, Harold.K . | ||
| 245 |
_aGrain Crops / _cK.Harold Wilson. _hTextual Documents |
||
| 250 |
_a2 / _b. |
||
| 260 |
_aNew York : _bMc Graw Hill Book Company , _c1955. |
||
| 300 | _a396 ; . | ||
| 504 | _a | ||
| 942 | _cBK | ||
| 999 |
_c1364 _d1364 |
||